000 00394 a2200169 4500
001 191048
020 _a978-85-7319-582-8
040 _cMagnum
100 _aSanta Ana, Antonio
240 1 0 _aNunca serei um super-herói
_lpor
245 1 0 _aNunca serei um super-herói
300 _a112
362 0 _a2008
440 1 _aDimensão
697 _aLITERATURA JUVENIL ESTRANGEIRA
942 _cBK
999 _c191048
_d191048